Statystyki dla Kraje europejskie najbardziej dotknięte tsunami w 2004 roku

Kliknij tutaj aby rozwiązać quiz!

Ogólne statystyki

  • Ten quiz został rozwiązany 520 razy
  • Średni wynik to 6 z 8

Statystyki odpowiedzi

OfiaryKraj% Poprawnych
95Francja
88%
143Wielka Brytania
87%
539Niemcy
86%
84Norwegia
84%
543Szwecja
83%
179Finlandia
73%
86Austria
32%
106Szwajcaria
31%

Rozkład punktacji

Percentyl według liczby udzielonych odpowiedzi

Procent ludzi z każdym wynikiem

Twoja historia wyników

Nie rozwiązałeś tego quizu